Zgadnij zawodnika po jego debiucie w UFC - Statystyki

Ogólne statystyki
  • Ten quiz został rozwiązany 82 razy
  • Średni wynik to 3 z 13
Statystyki odpowiedzi
Walka i jej wynik Odpowiedź % Poprawnych
vs Dan Hooker 2021/01/23 - Wygrana (UFC 257: Poirier vs. McGregor 2) Michael Chandler
84%
vs Ilir Latifi 2014/10/04 - Wygrana (UFC Fight Night 53) Jan Błachowicz
51%
vs Marcus Brimage 2013/04/06- Wygrana (UFC on FUEL TV 9) Conor McGregor
49%
vs Andreas Michailidis 2021/11/06- Wygrana (UFC 268: Usman vs. Covington 2) Alex Pereira
47%
vs Darko Stosic 2020/01/25 - Wygrana (UFC on ESPN+ 24) Jamahal Hill
29%
vs Khalil Rountree Jr. 2018/11/17 - Wygrana (UFC Fight Night 140) Johnny Walker
24%
vs Aaron Riley 2011/09/24 - Wygrana (UFC 135: Jones vs. Rampage) Tony Ferguson
10%
vs Yusuke Kasuya 2016/11/26 - Wygrana (UFC Fight Night 101) Alexander Volkanovski
9%
vs Tim Johnson 2016/04/10- Przegrana (UFC Fight Night 86) Marcin Tybura
9%
vs Jack May 2014/04/19- Wygrana (UFC on FOX 11) Derrick Lewis
7%
vs Jared Hamman 2009/11/14 - Wygrana (UFC 105: Couture vs Vera) Alexander Gustafsson
4%
vs Michihiro Omigawa 2011/02/05 - Wygrana (UFC 126: Silva vs. Belfort) Chad Mendes
4%
vs Gabriel Gonzaga 2008/01/19- Wygrana (UFC 80: Rapid Fire) Fabricio Werdum
4%
Nie znaleziono quizów pasujących do podanych kryteriów
Rozkład punktacji
Procent ludzi z każdym wynikiem
Percentyl według liczby udzielonych odpowiedzi
Twoja historia wyników
Nie rozwiązałeś tego quizu